000 00450nam a2200169Ia 4500
008 221030s9999 xx 000 0 und d
020 _a812720918x
041 _aEnglish
082 _a105.23
_bSha
100 _aR. K. Sharma
245 0 _aManagement Accounting : Principles & Practice
_cby R. K. Sharma, S. K. Gupta
260 _bKalani Pub.
_aNew Delhi
_c2003
300 _a39.21
650 _aBE Management
700 _aS. K. Gupta
942 _cBK
999 _c8530
_d8530